South Park- Membres du Conseil des 9 - Statistiques

Statistiques générales
  • Ce quiz a été pris 19 fois
  • Le résultat moyen est 2 sur 9
Statistiques - réponses
Membres du Conseil des 9 % Correct
Jésus
95%
Gandalf le magicien
26%
Aslan
21%
Luke Skywalker
21%
Popeye
16%
Morpheus
11%
Wonder Woman
11%
Glinda the Good Witch
5%
Zeus
5%
Aucun quiz correspondant
Distribution des résultats
% des personnes avec chaque résultat
Percentile par nombre de réponses
Votre historique - résultats
Vous n’avez pas pris ce quiz